000 00757nam a2200121Ia 4500
008 220620s9999||||xx |||||||||||||| ||und||
100 _aAltavilla, Santo||Caligiore, Aurelio||Ceccarelli, Jenny||Corrente, Giuseppina||Galeano, Federica||Pappacena, Gennaro||Pisconti, Maura||Petrillo, Agostino||Puri, Pio||Rottino, Fabio||Scatigna, Giovanni||Simione, Francesco||Sinesi, Tiziana||Spaccavento, Giovanni||Ubaldi, Claudio
245 0 _aChapter Environmental training of the Italian Coast Guard between tradition and innovation
546 _aEnglish[eng]
650 _aCoast Guard||Marine Environmental Department||Learning by Doing||Safeguarding the marine environment
856 _uhttps://library.oapen.org/bitstream/20.500.12657/56082/1/14779.pdf
942 _cEB
999 _c21588
_d21588